000 00368 a2200169 4500
001 74570
020 _a978850813360-4
040 _cAnchieta - Colégio São Paulo
100 _aEspinoza, Ana
240 1 0 _aCiências na escola
_lpor
245 1 0 _aCiências na escola
300 _a168
362 0 _a2010
440 1 _aÁtica
650 4 _aEducação
942 _cBK
999 _c74570
_d74570